Stress presonality and cancer (Record no. 1013)

MARC details
000 -LEADER
fixed length control field 00455nam a2200169Ia 4500
020 ## - INTERNATIONAL STANDARD BOOK NUMBER
ISBN 81-85135-34-7
082 ## - DEWEY DECIMAL CLASSIFICATION NUMBER
Classification number 155.916 SRI-;
100 ## - MAIN ENTRY--AUTHOR NAME
Personal name Srivastava, Sumitra
245 #0 - TITLE STATEMENT
Title Stress presonality and cancer
260 ## - PUBLICATION, DISTRIBUTION, ETC. (IMPRINT)
Place of publication New Delhi
Name of publisher National Book Organisation
Year of publication 1988
300 ## - PHYSICAL DESCRIPTION
Number of Pages 139 p.
650 ## - SUBJECT ADDED ENTRY--TOPICAL TERM
Topical Term Stress (Psychology)
650 ## - SUBJECT ADDED ENTRY--TOPICAL TERM
Topical Term Sick - Psychology
650 ## - SUBJECT ADDED ENTRY--TOPICAL TERM
Topical Term Cancer - Psychological aspects
650 ## - SUBJECT ADDED ENTRY--TOPICAL TERM
Topical Term Personality and emotions
942 ## - ADDED ENTRY ELEMENTS (KOHA)
Koha item type Books
Holdings
Withdrawn status Lost status Damaged status Not for loan Home library Current library Date acquired Bill Date Full call number Accession Number Price effective from Koha item type
        NASSDOC Library NASSDOC Library 08/06/2004 2004-10-22 155.916 SRI-; 28485 18/04/2019 Books